Essential English Grammar (Record no. 234205)

MARC details
000 -LEADER
fixed length control field 00423nam a2200181Ia 4500
008 - FIXED-LENGTH DATA ELEMENTS--GENERAL INFORMATION
fixed length control field 240823s9999||||xx |||||||||||||| ||und||
082 ## - DEWEY DECIMAL CLASSIFICATION NUMBER
-- 425 Q2
100 ## - MAIN ENTRY--PERSONAL NAME
Personal name Raymond Murphy
245 #0 - TITLE STATEMENT
Title Essential English Grammar
250 ## - EDITION STATEMENT
Edition statement 2nd
260 ## - PUBLICATION, DISTRIBUTION, ETC. (IMPRINT)
Date of publication, distribution, etc 2012
Name of publisher, distributor, etc Cambridge University
500 ## - GENERAL NOTE
General note YES
650 ## - SUBJECT ADDED ENTRY--TOPICAL TERM
Topical term or geographic name as entry element English Grammar
942 ## - ADDED ENTRY ELEMENTS (KOHA)
Item type Books
Holdings
Withdrawn status Lost status Damaged status Permanent location Current location Date acquired Source of acquisition Cost, normal purchase price Full call number Barcode Date last seen Koha item type
      CENTRAL LIBRARY, NOORUL ISLAM CENTRE FOR HIGHER EDUCATION CENTRAL LIBRARY, NOORUL ISLAM CENTRE FOR HIGHER EDUCATION 02/24/2021 J R Book Agencies 125.00 425 Q2 82044 08/23/2024 Books
Visitors:
Copyright © 2024 Central Library NICHE.  All rights reserved.